Australian Economic Papers

Enregistré dans:
Détails bibliographiques
Format: Publication en série
Langue:anglais
Publié: Adelaide University 1987
Tags: Ajouter un tag
Pas de tags, Soyez le premier à ajouter un tag!

MARC

LEADER 00000nas2a2200000 4500
001 s033569
005 20250730114144.1
041 0 |a eng 
044 |a AU 
245 1 0 |a Australian Economic Papers 
264 1 |a Adelaide  |b University  |c 1987 
300 |a 2 zv. 
773 0 |w eu_un_cat*s120418